000 00626nam a2200241Ia 4500
003 OSt
005 20220924122639.0
006 a|||||r|||| 00| 0
007 ta
008 220923b |||||||| |||| 00| 0 urd d
020 _c11.00
024 _a315799
037 _cTextual
040 _aARTS
_cARTS
_burd
041 _2urd
_aurd
082 _aO168,1NPAx, M3
100 _aFatehpuri Payam
_9190204
245 0 _aShafaq-e-zaar
260 _aLucknow
_bDanish Mahal India
_c1983
650 _aURDU POETRY
942 _hO168,1NPAx, M3
_cTEXL
_2CC
999 _c412469
_d412469